Budovanie zamestnávateľskej značky vo vybranom podniku ako súčasť personálneho manažmentu diplomová práca

Salvato in:
Dettagli Bibliografici
Autore principale: Matonogová, Dominika
Ente Autore: Fakulta podnikového manažmentu EU. Katedra manažmentu
Altri autori: Matkovčíková, Natália, 1982-
Natura: Libro
Lingua:slovacco
Pubblicazione: Bratislava 2025
Tags: Aggiungi Tag
Nessun Tag, puoi essere il primo ad aggiungerne!!

MARC

LEADER 00000nbm a2200000 4500
001 0309983
005 20251217135814.8
041 0 |a slo 
044 |a SK 
245 1 0 |a Budovanie zamestnávateľskej značky vo vybranom podniku ako súčasť personálneho manažmentu  |b diplomová práca  |c Dominika Matonogová ; školiteľ: Natália Matkovčíková 
264 1 |a Bratislava  |c 2025 
300 |a 72 s. 
100 1 |a Matonogová, Dominika 
700 1 |a Matkovčíková, Natália, 1982- 
710 2 |a Fakulta podnikového manažmentu EU. Katedra manažmentu